000 00811nam a22002417a 4500
999 _c21264
_d21264
003 AR-CdUCM
008 190320b ||||| |||| 00| 0 spa d
040 _aMUNICIPALIDAD PROVINCIAL DEL CUSCO
_cBIBLIOTECA MUNICIPAL DEL CUSCO
082 _a512/S11
_bS11
100 _aSota Alarcon, Einar
_944418
245 _aTexto básico de Álgebra I /
260 _aCusco ;
_c2017.
300 _a75 Páginas ;
_c29 cm.
505 _aContenido: Expresiones algebraicas -- Términos algebraicos -- Operaciones con polinomios -- Teorema del resto ...
650 _aAlgebra
_920185
650 _aPolinomios
_921718
650 _aFactorización
_940250
650 _aBinomio de Newton
_944419
650 _aTriangulo de Pascal
_944420
650 _aTeoría de exponentes
_944421
942 _2ddc
_cLIBROS
945 _aRoel